| 000 | 01014cam a22001934a 4500 | ||
|---|---|---|---|
| 005 | 20250605164019.0 | ||
| 008 | 250528s ||||||||||||||||||||||||d | ||
| 035 | _a16274 | ||
| 020 | _a278000177 | ||
| 040 |
_aGR-AtMCL _bgre _dGR-AtMCL _eAACR2 |
||
| 245 | 1 | _aElectronic Components and Technology / Engineering Applications | |
| 260 |
_bVan Nostrand Reinhold (Uk) Co. Ltd, _c1987 |
||
| 300 | _a182 | ||
| 520 | _aThis book is an introduction to good engineering practice and is essential reading for all electrical and electronic engineers seeking professional accreditation. Preface, Acknowledgements, Introduction, Interconnection Technology, Integrated Circuits, Power Sources and Power Supplies, Passive Electronic Components, Heat Management, Parasitic Electrical and Electromagnetic Effects, Reliability and Maintainability, Environmental Factors and Testing, Safety, Bibliography, Answers to Problems, Index. | ||
| 700 | 1 |
_aSangwine S. J _92358 |
|
| 942 | _cBK | ||
| 999 |
_c1792 _d1792 |
||